Hướng dẫn xử lý VB

Guardado en:
Detalles Bibliográficos
Autor principal: Tạ Văn hùng
Formato: Libro
Lenguaje:Vietnamese
Publicado: TR 1998
Etiquetas: Agregar Etiqueta
Sin Etiquetas, Sea el primero en etiquetar este registro!
Thư viện lưu trữ: Mạng thư viện Đại học Đà Nẵng
LEADER 00609nam a2200277 4500
001 000026519
003 548
005 20150325120000.0
008 150325s vm 000 vie
020 |c 22,0000 
040 |a NOTTS 
100 |a Tạ Văn hùng 
245 |a Hướng dẫn xử lý VB 
260 |b TR  |c 1998 
300 |a 214tr. ; 
OWN |a LTT 
999 |a From the UDN01 
TYP |a Monograph 
TYP |a Printed language 
980 |a Mạng thư viện Đại học Đà Nẵng